La nature en italien - Statistiques

Statistiques générales
  • Ce quiz a été pris 35 fois
  • Le résultat moyen est 9 sur 15
Statistiques - réponses
Hint Réponse % Correct
Fleur Fiore
95%
Mer Mare
90%
Lac Lago
86%
Montagne Montagna
71%
Arbre Albero
67%
Champ Campo
67%
Feuille Foglia
67%
Colline Collina
62%
Herbe Erba
62%
Plante Pianta
62%
Forêt Foresta
57%
Sable Sabbia
48%
Bois Bosco
43%
Rivière Fiume
43%
Roche Roccia
29%
Aucun quiz correspondant
Distribution des résultats
% des personnes avec chaque résultat
Percentile par nombre de réponses
Votre historique - résultats
Vous n’avez pas pris ce quiz